Fluid Mechanics (Record no. 32460)

000 -LEADER
fixed length control field 00375nam a22001697a 4500
003 - CONTROL NUMBER IDENTIFIER
control field NUST
020 ## - INTERNATIONAL STANDARD BOOK NUMBER
International Standard Book Number 9783540713425
038 ## - RECORD CONTENT LICENSOR
Staff Name Khadija
082 ## - DEWEY DECIMAL CLASSIFICATION NUMBER
Classification number 620.106
Author Mark DUR
100 ## - MAIN ENTRY--PERSONAL NAME
Personal name Durst, Franz
9 (RLIN) 8469
245 ## - TITLE STATEMENT
Title Fluid Mechanics
260 ## - PUBLICATION, DISTRIBUTION, ETC.
Place of publication, distribution, etc. New York:
Name of publisher, distributor, etc. Springer;
Date of publication, distribution, etc. 2008.
300 ## - PHYSICAL DESCRIPTION
Extent 723p, ;
Other physical details 10 cm.
500 ## - GENERAL NOTE
General note Hardcover.
563 ## - BINDING INFORMATION
Binding note hardcover
942 ## - ADDED ENTRY ELEMENTS (KOHA)
Koha item type Book
Source of classification or shelving scheme
Holdings
Withdrawn status Lost status Source of classification or shelving scheme Damaged status Not for loan Permanent Location Current Location Shelving location Date acquired Full call number Barcode Date last seen Price effective from Koha item type Public note
          School of Mechanical & Manufacturing Engineering (SMME) School of Mechanical & Manufacturing Engineering (SMME) General Stacks 09/28/2015 620.106 DUR SMME-1306 10/16/2020 09/28/2015 Book Rack,43-Shelf,2
© 2023 Central Library, National University of Sciences and Technology. All Rights Reserved.